Zákonník práce
Z obsahu: Komu pomôže zmena Zákonníka práce. Kontúry návrhov. Návrat odborárov na televízne obrazovky. Nejde len o kozmetické zmeny. Čo by zákonníku prospelo. Stále je čo zlepšovať.
Salvato in:
| Autore principale: | |
|---|---|
| Natura: | Capitolo di libro |
| Lingua: | slovacco |
| Soggetti: | |
| Tags: |
Nessun Tag, puoi essere il primo ad aggiungerne!!
|
MARC
| LEADER | 00000naa$a2200000$$$4500 | ||
|---|---|---|---|
| 001 | 0051814 | ||
| 005 | 20231009084348.1 | ||
| 041 | 0 | |a slo | |
| 044 | |a SK | ||
| 245 | 1 | 0 | |a Zákonník práce |c Lea Krčmáriková |
| 520 | |a Z obsahu: Komu pomôže zmena Zákonníka práce. Kontúry návrhov. Návrat odborárov na televízne obrazovky. Nejde len o kozmetické zmeny. Čo by zákonníku prospelo. Stále je čo zlepšovať. | ||
| 610 | 2 | 0 | |a zákonník práce |
| 610 | 2 | 0 | |a novelizácia |
| 610 | 2 | 0 | |a odbory |
| 610 | 2 | 0 | |a zväzy zamestnávateľov |
| 610 | 2 | 0 | |a úpravy právne |
| 100 | 1 | |a Krčmáriková, Lea | |